000 00952nam a22003135a 4500
001 17268393
003 OSt
005 20140310183111.0
008 120423s2012 ph b 000 0 eng
010 _a 2012325156
020 _a9789715066471
040 _aDLC
_cDLC
042 _alcode
043 _aa-ph---
050 _aN 7327
_b.B198 2012
082 _aFIL 959.95
_b.B198 2012
100 1 _aBaluyut, Pearlie Rose S.
245 1 0 _aInstitutions and icons of patronage
_barts and culture in the Philippines during the Marcos years, 1965-1986
_cBaluyut, Pearlie Rose S.
260 _aManila, Philippines
_bUST Pub. House
_c2012
300 _axii, 175 p.
_c23 cm.
504 _aIncludes bibliographical references (p. 162-175).
521 _aCollege
526 _c1210L-1700L
541 _j1
562 _e1
906 _a7
_bpar
_corigode
_d3
_encip
_f20
_gy-gencatlg
942 _2lcc
_cBK
_kFIL
999 _c18849
_d18849